Loksabha mein Ram Nayik: (Record no. 224146)
[ view plain ]
| 000 -LEADER | |
|---|---|
| fixed length control field | 00639nam a22001937a 4500 |
| 005 - DATE AND TIME OF LATEST TRANSACTION | |
| control field | 20220725110935.0 |
| 008 - FIXED-LENGTH DATA ELEMENTS--GENERAL INFORMATION | |
| fixed length control field | 220725b ||||| |||| 00| 0 eng d |
| 040 ## - CATALOGING SOURCE | |
| Transcribing agency | Aloy |
| 041 ## - LANGUAGE CODE | |
| Language code of text/sound track or separate title | hin |
| 082 ## - DEWEY DECIMAL CLASSIFICATION NUMBER | |
| Edition number | 23 |
| Classification number | H891.4 |
| Item number | NAYL |
| 100 ## - MAIN ENTRY--PERSONAL NAME | |
| Personal name | Ram Nayik: राम नाईक |
| 100 ## - MAIN ENTRY--PERSONAL NAME | |
| 9 (RLIN) | 53048 |
| 245 ## - TITLE STATEMENT | |
| Title | Loksabha mein Ram Nayik: |
| Remainder of title | लोकसभा में राम नाईक |
| 260 ## - PUBLICATION, DISTRIBUTION, ETC. | |
| Place of publication, distribution, etc. | Mumbai |
| Name of publisher, distributor, etc. | Vasanth Sati |
| Date of publication, distribution, etc. | 2003 |
| 300 ## - PHYSICAL DESCRIPTION | |
| Extent | 196p. |
| Other physical details | PB |
| Dimensions | 21x13cm. |
| 365 ## - TRADE PRICE | |
| Source of price type code | Hindi |
| Price amount | 300.00 |
| Currency code | ₹ |
| Unit of pricing | 300.00 |
| 650 ## - SUBJECT ADDED ENTRY--TOPICAL TERM | |
| Topical term or geographic name entry element | Hindi Prose: हिंदी गद्य |
| 9 (RLIN) | 53044 |
| 700 ## - ADDED ENTRY--PERSONAL NAME | |
| Personal name | NAYIK (Ram): नाईक (राम) |
| 9 (RLIN) | 53045 |
| 942 ## - ADDED ENTRY ELEMENTS (KOHA) | |
| Source of classification or shelving scheme | Dewey Decimal Classification |
| Koha item type | George Fernandes Collections |
| Withdrawn status | Lost status | Source of classification or shelving scheme | Damaged status | Not for loan | Collection code | Home library | Current library | Date acquired | Total Checkouts | Full call number | Barcode | Date last seen | Price effective from | Koha item type |
|---|---|---|---|---|---|---|---|---|---|---|---|---|---|---|
| Dewey Decimal Classification | Hindi | St Aloysius Library | St Aloysius Library | 03/24/2013 | H891.4 NAYL | GF02701 | 07/25/2022 | 07/25/2022 | George Fernandes Collections |